Регионална библиотека "Любен Каравелов" - Русе

Избрани етюди за цигулка (Запис номер 316471)

MARC детайли
000 -Лидер
Контролно поле с фиксирана дължина 01708ncm a2200373 c 4500
003 - Код на организацията, давaща контролен номер
Контролно поле BLK
005 - Дата и час на последна редакция
Контролно поле 20250128005550.0
008 - Елементи от данни с фиксирана дължина
fixed length control field 180414b bul |a|er|||| |0| c|bulo|
010 ## - Наследен системен номер
LC control number NOT00003201000
040 ## - Източник на каталожния запис
Идентификатор на билиотеката - собственик на записа BLK
041 ## - Код за език
Код за езика на текст/звукозапис или на отделно заглавие Български
Код за езика КДБФ Български
080 ## - УДК
Текстов определител УДК Цигулка. Учебна литература. Гами, етюди, технически упр.
УДК код - определител по УДК 787.1.087.5
УДК определител
УДК - код + определител 787.1.087.5
080 ## - УДК
Текстов определител УДК Дуо за две цигулки
УДК код - определител по УДК 785.72:787.1
УДК определител
УДК - код + определител 785.72:787.1
139 ## - Редно поле
Редна дума Избрани етюди за цигулка
Авторски знак Из - И 35
245 10 - Сведения за заглавието
Заглавие Избрани етюди за цигулка
Подзаглавни данни Ч. 1 - 3 За том: За една цигулка и за цигулков дует
Редно поле (дума) състав. Ана Иванова.
Том Ч. 3
Заглавие на том Трета позиция
257 ## - Страна на издаване
Страна на създаване/издаване България
260 ## - Област на издателските данни
-- София
Име на издателя, разпространителя и проч. Наука и изкуство
Година на издаване 1957 -
300 ## - Физическа характеристика
Размери/Мащаб 31 см
380 ## - Жанр
Жанр Изкуство
500 ## - Общи забележки
Забележка Забележка към том: Съдържа етюди от Комаровски, Сит, Волфарт, Берио
650 #0 - Допълнително описание по предмет – тема
Основно описание – тема или топоним Цигулка - гами, етюди
9 (RLIN) 281152
650 #4 - Допълнително описание по предмет – тема
Основно описание – тема или топоним Дуо - две цигулки
9 (RLIN) 309789
653 ## - Ключова дума – ненормативна
Ключова дума цигулка
653 ## - Ключова дума – ненормативна
Ключова дума етюди
653 ## - Ключова дума – ненормативна
Ключова дума две цигулки
700 1# - Други автори (авторска отговорност)
Лично име Иванова, Ана
Автороска отговорност (Описва отношението между автора и произведението) състав.
9 (RLIN) 374032
760 1# - Описание на основната серия
-- на том
Поясняваща информация 27 с.
Място на издаване, издател и година София, Наука и изкуство, 1957
Страници - том 27 с.
Забележка - том Съдържа етюди от Комаровски, Сит, Волфарт, Берио
Заглавие Ч. 3 Трета позиция
852 ## - Местоположение
Форматна сигнатура Цб М ІІ 238
Част 0
856 4# - Електронен адрес и достъп
Електронен формат pdf - файл
Път до файла /url/
856 4# - Електронен адрес и достъп
Електронен формат pdf - файл
Път до файла /url/
942 ## - АРТИКУЛИ
Вид на библиотечния материал Нотни издания
Скрит в OPAC Не
944 ## - СЪЗДАВАНЕ И РЕДАКЦИЯ на ЗАПИСА
Създаване/Редакция Създаване
Дата на регистрацията/редакция 12.07.2010
Служител, извършил регистрацията/редакцията
Статус, дата на статуса CRON CRON
944 ## - СЪЗДАВАНЕ И РЕДАКЦИЯ на ЗАПИСА
Създаване/Редакция Редакция
Дата на регистрацията/редакция 13.07.2010
Служител, извършил регистрацията/редакцията
999 ## - СИСТЕМНИ КОНТРОЛНИ НОМЕРА
Koha biblionumber 316471
Koha biblioitemnumber 316471
Наличности
Код за отписване Код за изгубен артикул Източник на класификационната схема Код за повреда Коз за рестрикции Код за отдаване Артикулен № Име на библиотеката - собственик Име на библиотеката, в която се намира в момента Статус (Текущо местоположение) Дата на вписване в системата Местоположение - отдел Цена в лева Инвентарен номер Систематично азбучна сигнатура Баркод Номер на екземпляра Цена в евро Служебна бележка Служебен тип на артикула
  Не е изгубен Universal Decimal Classification Не е повреден без рестрикции заемане за дома 669346 Регионална библиотека "Любен Каравелов" Русе Регионална библиотека "Любен Каравелов" Русе Отдел Изкуство - подръчен фонд 1958-01-01 Отдел Изкуство - подръчен фонд 0.35 13644/57 787.1/И 35 900000002502 1 0.18 N: стар фонд Дата: 01.01.1958 Бележки инв: Ирена_Линк Съставил: Ирена_Линкова Нотни издания
Vip Innovations Ltd, Rousse, Bulgaria 2025